Catálogo
Digital

Catálogo
Digital

Inteligencia de negocios con poner BI aplicado al sector financiero de la economía popular y solidaria - caso práctico (Record no. 13557)

MARC details
000 -CABECERA
campo de control de longitud fija 01481nam a2200337 4500
003 - IDENTIFICADOR DEL NÚMERO DE CONTROL
campo de control EC-UNACH
005 - FECHA Y HORA DE LA ÚLTIMA TRANSACCIÓN
campo de control 20250429094559.0
006 - CÓDIGOS DE INFORMACIÓN DE LONGITUD FIJA--CARACTERÍSTICAS DEL MATERIAL ADICIONAL
campo de control de longitud fija s||||gr|||| 00| 00
008 - DATOS DE LONGITUD FIJA--INFORMACIÓN GENERAL
campo de control de longitud fija 150116t9999 mx r gr 000 0 spa d
020 ## - NÚMERO INTERNACIONAL ESTÁNDAR DEL LIBRO
Número Internacional Estándar del Libro 978-9942-661-61-6
040 ## - FUENTE DE LA CATALOGACIÓN
Centro catalogador/agencia de origen EC-UNACH
Centro/agencia transcriptor EC-UNACH
041 ## - CÓDIGO DE LENGUA
Código de lengua del texto/banda sonora o título independiente spa
082 04 - NÚMERO DE LA CLASIFICACIÓN DECIMAL DEWEY
Número de edición 23
Número de clasificación 650
Número de documento/Ítem L017703
100 ## - ENTRADA PRINCIPAL--NOMBRE DE PERSONA
Nombre de persona Uvidia Fassler, María Isabel / Puente Riofrio Mariana Isabel / Samaniego Erazo, Gonzalo Nicolay
245 ## - MENCIÓN DE TÍTULO
Título Inteligencia de negocios con poner BI aplicado al sector financiero de la economía popular y solidaria - caso práctico
250 ## - MENCIÓN DE EDICIÓN
Mención de edición Primera edición
264 ## - Producción, publicación, distribución, fabricación y copyright
Lugar de producción, publicación, distribución, fabricación Riobamba - Ecuador
Nombre del de productor, editor, distribuidor, fabricante Editorial UNACH
Fecha de de producción, publicación, distribución, fabricación o copyright 2024
264 ## - Producción, publicación, distribución, fabricación y copyright
Lugar de producción, publicación, distribución, fabricación Producción UNACH
300 ## - DESCRIPCIÓN FÍSICA
Extensión 114 páginas
Otras características físicas Figuras
501 ## - NOTA DE "CON"
Nota de “Con” Incluye contenido
505 ## - NOTA DE CONTENIDO CON FORMATO
Nota de contenido con formato Aplicación de cao práctico -- Desarrollo del análisis financiero - Análisis vertical -- Desarrollo del análisis financiero - Análisis horizontal -- Desarrollo del análisis financiero - Indicadores financieros.
650 ## - PUNTO DE ACCESO ADICIONAL DE MATERIA--TÉRMINO DE MATERIA
Término de materia o nombre geográfico como elemento inicial POWER BI
650 ## - PUNTO DE ACCESO ADICIONAL DE MATERIA--TÉRMINO DE MATERIA
Término de materia o nombre geográfico como elemento inicial SEGMENTACIÓN DE DATOS
650 ## - PUNTO DE ACCESO ADICIONAL DE MATERIA--TÉRMINO DE MATERIA
Término de materia o nombre geográfico como elemento inicial GRÁFICO CIRCULAR
650 ## - PUNTO DE ACCESO ADICIONAL DE MATERIA--TÉRMINO DE MATERIA
Término de materia o nombre geográfico como elemento inicial MEDIDAS PRIMARIAS
856 ## - LOCALIZACIÓN Y ACCESO ELECTRÓNICOS
Identificador Uniforme del Recurso <a href="https://doi.org/10.37135/u.editorial.05.143">https://doi.org/10.37135/u.editorial.05.143</a>
Texto de enlace Libro Digital - Inteligencia de negocios con poner BI aplicado al sector financiero de la economía popular y solidaria - caso práctico
942 ## - ELEMENTOS DE PUNTO DE ACCESO ADICIONAL (KOHA)
Fuente del sistema de clasificación o colocación Clasificación Decimal Dewey
Tipo de ítem Koha Libro electrónico
999 ## - NÚMEROS DE CONTROL DE SISTEMA (KOHA)
Koha biblionumber 13557
Holdings
Estado de pérdida Fuente del sistema de clasificación o colocación Estado dañado No para préstamo Localización permanente Ubicación/localización actual Ubicación en estantería Fecha de adquisición Fuente de adquisición Total de préstamos Signatura topográfica completa Código de barras Fecha visto por última vez Número de copia Precio válido a partir de Tipo de ítem Koha Centro de costos
  Clasificación Decimal Dewey     Biblioteca Campus Norte Biblioteca Campus Norte Economía 29/04/2025 Producción Científica UNACH   650 UVI L017703 L017703 29/04/2025 Ej: 01 29/04/2025 Libro electrónico  

Powered by Koha